Inštitút minimálnej mzdy v daňovo odvodových vzťahoch a jeho vplyv na zamestnanosť diplomová práca

Salvato in:
Dettagli Bibliografici
Autore principale: Belko, Ľuboš
Ente Autore: Národohospodárska fakulta EU. Katedra financií
Altri autori: Schultzová, Anna
Natura: Libro
Lingua:slovacco
Pubblicazione: Bratislava 2014
Tags: Aggiungi Tag
Nessun Tag, puoi essere il primo ad aggiungerne!!

MARC

LEADER 00000nbm a2200000 4500
001 0187484
005 20170201085948.2
041 0 |a slo 
044 |a SK 
245 1 0 |a Inštitút minimálnej mzdy v daňovo odvodových vzťahoch a jeho vplyv na zamestnanosť  |b diplomová práca  |c Ľuboš Belko ; školiteľ: Anna Schultzová 
264 1 |a Bratislava  |c 2014 
300 |a 70 s. 
100 1 |a Belko, Ľuboš 
700 1 |a Schultzová, Anna 
710 2 |a Národohospodárska fakulta EU. Katedra financií